Score 0/60 Timer 06:00
2 Plays Today
% Correct
 B 
96.1%
 S 
96.1%
 A 
95.9%
 R 
95.6%
 E 
95.4%
 C 
94.9%
 K 
94.9%
 T 
94.8%
 O 
94.7%
 O 
94.6%
BEARS             
94.4%
 C 
94.3%
 L 
94.3%
CLOCK            
94%
BOATS             
93.6%
BOARS             
93.6%
 E 
93.5%
BEERS            
93.5%
BEATS             
92.6%
 A 
91.8%
 S 
91.1%
 E 
91.1%
 R 
90.8%
 P 
90.6%
 O 
90.6%
 K 
89.8%
 O 
89.6%
BOOTS            
89.6%
CLOAK            
89.4%
 U 
89.3%
% Correct
CLUCK            
89.3%
CROAK            
89.1%
SPOKE             
89%
 R 
88.6%
 E 
87.8%
CREAK            
87.8%
CROCK            
87.6%
 T 
87.4%
 I 
87%
SPIRE             
87%
SPORE             
86.9%
STOKE             
86.8%
STORE             
81.8%
 A 
81%
STAKE            
81%
 F 
80.4%
 K 
80.4%
 N 
80.2%
 L 
79.9%
 U 
79.5%
FLUNK             
79.5%
 A 
79.2%
FLANK             
78.5%
 R 
75.7%
FRANK             
74.9%
 C 
73.4%
FRACK             
71.8%
 O 
71.1%
FROCK             
71.1%
FLACK             
67.1%
Remove Ads.
Support Sporcle.
Get the best of Sporcle when you Go Orange. This ad-free experience offers more features, more stats, and more fun while also helping to support Sporcle. Thank you for becoming a member.

You're not logged in!

Compare scores with friends on all Sporcle quizzes.
OR
Log In

Sporcle TV

Today on Sporcle TV


Watch our educational content, quiz creation guides, and fun videos on Sporcle TV.

Show Comments

Extras

Top Quizzes Today


Score Distribution

Paid Content

Your Account Isn't Verified!

In order to create a playlist on Sporcle, you need to verify the email address you used during registration. Go to your Sporcle Settings to finish the process.

Report this User

Report this user for behavior that violates our Community Guidelines.

Details: